Alle Staaten dessen Währung "Dollar" enthält - Statistiken

Allgemein
  • Dieses Quiz wurde 71 mal gespielt
  • Das Durchschnittsergebnis liegt bei 27 aus 62
Antwortstatistiken
Währung
seit/ bis:
Kurzzeichen Staat % Korrekt
1966 AUD Australien
95%
1785 USD USA
94%
1967 NZD Neuseeland
90%
1871 CAD Kanada
89%
- FJD Fidschi
70%
- JMD Jamaika
70%
- USD Jamaika (inoffiziell)
68%
- AUD Tuvalu
65%
- TVD Tuvalu
65%
1966 BBD Barbados
63%
- AUD Kiribati
62%
- KID Kiribati
62%
1966 BSD Bahamas
60%
1973 BZD Belize
60%
1965 XCD St. Kitts & Nevis
59%
- TTD Trinidad & Tobago
59%
- USD Palau
57%
1965 XCD St. Vincent & die Grenadinen
57%
- USD Mikronesien
56%
- AUD Nauru
56%
1965 XCD Antigua & Barbuda
54%
1965 XCD Grenada
54%
- USD Marshallinseln
54%
1965 XCD St. Lucia
54%
1978 SBD Salomonen
52%
1965 XCD Dominica
51%
- GYD Guyana
49%
1895-1949 TW$ Taiwan
46%
1949 TWD Taiwan
46%
- USD Panama
44%
- HKD Hongkong
43%
1967 SGD Singapur
43%
1980-2006 ZWD Simbabwe
40%
2006-2008 ZWN Simbabwe
40%
2008-2009 ZWR Simbabwe
40%
2009-2015 ZWL Simbabwe
40%
2009 USD Simbabwe
40%
2001 USD El Salvador
35%
2004 SRD Suriname
35%
- HKD Macau
33%
- LRD Liberia
30%
1943 USD Liberia
30%
- BMD Bermuda
27%
1967 NZD Cookinseln
25%
1993 NAD Namibia
25%
2000 USD Ecuador
24%
1959 USD Britische Jungferninseln
22%
- HKD China
22%
1974 NZD Niue
22%
2000 USD Osttimor
22%
1965 XCD Montserrat
21%
1965 XCD Anguilla
19%
1967 BND Brunei
19%
1967 SGD Brunei
19%
1969 KYD Cayman Islands
17%
1865-1949 NF$ Neufundland
17%
NZD Pitcairninseln
14%
- USD Turks- & Caicosinseln
14%
2011 USD Bonaire
13%
2011 USD Sint Eustatius
11%
1967 NZD Tokelau
11%
2011 USD Saba
8%
Keine übereinstimmenden Quizze gefunden
Verteilung der Resultate
Anzahl Personen mit jedem Resultat
Perzentil nach korrekt beantworteten Fragen
Ihre Resultats-Entwicklung
Sie haben dieses Quiz noch nicht gespielt